000 00579nam a22001697a 4500
008 230405b |||||||| |||| 00| 0 eng d
020 _a0195663446
040 _aNational Science Library
_cNational Science Library
080 _a330.34(047.7)
_bP2
245 _aDeepening democracy in a fragmented world
_c/ United Nations Development Programme
260 _aNew York:
_bUnited Nations Development Programme,
_c2002
300 _axiv, 277p.
490 _aHuman development report
_v2002
650 _aEconomics
653 _aHuman development indicators
942 _2udc
_cREP
999 _c18691
_d18691